| 000 | 00491nam a2200181Ia 4500 | ||
|---|---|---|---|
| 005 | 20250923144513.0 | ||
| 008 | 008 250917s9999 xx 000 0 eng d | ||
| 037 | _aTextual | ||
| 040 |
_aDSWL _beng _cDSWL |
||
| 041 |
_aeng _2eng |
||
| 084 | _qDSWL | ||
| 100 |
_aRichmond, Anthony H. _9825548 |
||
| 245 | 0 |
_aColour problem _cby Anthony.H. Richmond |
|
| 260 |
_bPenguin Books Hammonds Worth U.K. _c1955 |
||
| 300 | _a371p. | ||
| 942 | _cTEXL | ||
| 999 |
_c1439756 _d1439756 |
||